000 00189 a2200097 4500
020 _a9780673758637
041 _aspa
100 _aLester, Helen
245 _aQuiero una mascota
942 _cBK
999 _c31943
_d31941